| 000 | 00360nam a2200145 4500 | ||
|---|---|---|---|
| 020 | _a0-7515-3650-4 | ||
| 082 | _a813.54 | ||
| 100 | _aGraham Masterton | ||
| 245 | _aTengu The Devils of D-Day Mirror Charnel House | ||
| 260 |
_aUK _bTime Warner _c2004 |
||
| 300 |
_aVarious Pages. _e18cm. |
||
| 650 | _aFiction | ||
| 700 | _aMasterton, Graham | ||
| 942 | _cBK | ||
| 999 |
_c12302 _d12302 |
||